Selected Writings on Art and Literature : (Record no. 580890)

MARC details
000 -LEADER
fixed length control field 00482nam a2200193 a 4500
008 - FIXED-LENGTH DATA ELEMENTS--GENERAL INFORMATION
fixed length control field 250812s1992##################000#0#eng##
020 ## - INTERNATIONAL STANDARD BOOK NUMBER
ISBN 9780140446067
082 04 - DEWEY DECIMAL CLASSIFICATION NUMBER
Classification number 700
Item number BAU
100 1# - MAIN ENTRY--AUTHOR NAME
Personal name Baudelaire, Charles,
245 10 - TITLE STATEMENT
Title Selected Writings on Art and Literature :
260 ## - PUBLICATION, DISTRIBUTION, ETC. (IMPRINT)
Name of publisher Penguin Classics,
Year of publication 1992.
300 ## - PHYSICAL DESCRIPTION
Number of Pages 468 pages
650 #0 - SUBJECT ADDED ENTRY--TOPICAL TERM
Topical Term Art.
942 ## - ADDED ENTRY ELEMENTS (KOHA)
Koha item type English Books

No items available.

Find us on the map